000 nam a22 a 4500
999 _c455110
_d455110
003 BLK
005 20221011085458.0
008 180413b bul|||||r ||||||| ||bul||
020 _a9789549285383
040 _aBLK
041 _aBUL
_cBUL
080 _aИзобразителни изкуства и художествени занаяти
_b73/76
_x.04(497.2)
_z73/76.04(497.2)
080 _aИзобразителни изкуства и художествени занаяти
_b73/76
_x071(497.2)(092)(047.53)
_z071(497.2)(092)(047.53)
139 _aСъдът - отправна точка за творчество
_bС 96
245 1 0 _aСъдът - отправна точка за творчество
_b24 интервюта за българското изобразително изкуство : проект
_cсъстав., [предг.] Иван Кънчев
260 _aСофия
_bМагоарт
_c2021
_fСофия : Инвестпрес
_9215144
_n978-954-92111-
300 _a96 с.
_bс ил., портр.
_c20 x 20 см
380 _a7
500 _aИзд. на Съюз на бълг. художници, Сдружение за изобраз. изкуство Съдът - смисъл и форма За книгата / Петер Цанев: с. 10 За изложбата / Диана Драганова-Щир: с. 11-13 Отстрани - за съда / Митко Димитров: с. 92-94 Съдържа интервюта с: Аделина Попнеделева, Анжело Красини, Божидар Бончев, Божидар Йонов, Вихрони Попнеделев, Галина Шехирян, Драган Милев - Дари, Емил Бачийски, Емил Попов, Захари Каменов, Иван Кънчев, Иван Русев, Ивана Енева, Николай Караманов, Петер Цанев, Райко Райков, Роберт Цанев, Станислав Божанков, Станислав Памукчиев, Стела Георгиева, Цветослав Христов, Георги Бакърджиев, Олга Бакърджиева, Кънчо Цанев, Петер Цанев
500 _aПроект "Съдът - отправна точка за творчество" включва и изложба проведена на 18 юни - 3 юли в зала " Райко Алексиев - Съюз на бълг. худож., София
650 0 _9243150
_aИзобразително изкуство, българско
650 0 _9246650
_aХудожници, български
651 7 _9178684
_aБългария
653 0 _9474077
_aбитови съдове
653 0 _9474078
_aизобразителни изкуства
700 _aИванов, Иван Кънчев
_eсъстав., предг.
_9442269
852 _aЦб 312354
_bЦб
856 4 _qpdf
_u
_i0.00
_ldisable
856 4 _qpdf
_u
_i0.00
_ldisable
942 _cKNG
_n0
_s1
944 _aCR
_kК.Д.
_c2022-05-11
999 _d455110